000 00762nam a2200241Ia 4500
003 OSt
005 20220927105530.0
006 a|||||r|||| 00| 0
007 ta
008 220926b |||||||| |||| 00| 0 eng d
024 _a170170
037 _cReference Collections
040 _aRTL
_cRTL
_beng
041 _2eng
_aeng
082 _a"T4.281, e4, d, (x71). N81 - N80, M0.1/GD"
110 _aUniversity of Delhi
_9372978
245 0 _aFinancial Estimates 1980-81.
260 _aDelhi
_bUniversity India
_c1980
300 _axxxiv; 195p.
_ccm.
700 _aUniversity of Delhi
_9372979
942 _h"T4.281, e4, d, (x71). N81 - N80, M0.1/GD"
_cCC
999 _c692858
_d692858